Statistics for 5SOS Song Lyrics

Click here to take the quiz!

General Stats

  • This quiz has been taken 741 times
  • The average score is 9 of 15

Answer Stats

SongAnswer% Correct
I drove by all the places we used to hang out getting wastedAmnesia
88%
I was looking for attention needed interventionEnglish love affair
80%
Kicking back in the old school yardsLong way home
77%
She's 17 I told her I'm 20Try Hard
77%
Of cell phone calls and hashtags I don't knowsDisconnected
74%
Wait don't tell me heaven is a place on earthEverything I didn't say
73%
How I got this tattooVoodoo doll
65%
My head spinsEnd up here
61%
Six weeks since I've been awayClose as strangers
59%
Go ahead rip my heart outIf you don't know
51%
Just a girl turned eighteenSocial casualty
50%
My whole life seemed like a postcardWrapped around your finger
45%
We won't wait for tomorrowNever be
43%
I feel so lonely when I'm in a crowded spaceLost boy
33%
I don't wanna play this game no moreGreenlight
29%

Score Distribution

Percentile by Number Answered

Percent of People with Each Score

Your Score History

You have not taken this quiz